Villes métropolitaines d'Italie - Statistiques

Statistiques générales
  • Ce quiz a été pris 131 fois
  • Le résultat moyen est 10 sur 14
Statistiques - réponses
Ville métropolitaine Communes Population % Correct
Rome Capitale 121 4 324 000
100%
Milan 134 3 197 000
97%
Naples 92 3 118 000
94%
Turin 316 2 292 000
94%
Venise 44 858 000
92%
Florence 42 1 012 000
88%
Palerme 82 1 277 000
84%
Bologne 56 1 004 000
82%
Gênes 67 862 000
72%
Bari 41 1 266 000
65%
Cagliari 71 431 000
57%
Catane 58 1 116 000
53%
Messine 108 654 000
32%
Reggio de Calabre 97 558 000
11%
Aucun quiz correspondant
Distribution des résultats
% des personnes avec chaque résultat
Percentile par nombre de réponses
Votre historique - résultats
Vous n’avez pas pris ce quiz